| 000 | 01412nam a2200301Ia 4500 | ||
|---|---|---|---|
| 005 | 20200727151621.0 | ||
| 008 | 130821s1995 ck gr spa | ||
| 020 | _a9582000244 | ||
| 040 |
_aCo-BoUCM _cCO-JMCR |
||
| 041 | 0 | 0 | _aspa |
| 082 | 0 | 4 |
_a371.207 / _bC413c _220 |
| 100 | 1 |
_aCerda Gutierrez, Hugo _eautor _97896 |
|
| 245 | 1 | 0 |
_aCómo elaborar proyectos : _bdiseño, ejecución y evaluación de proyectos sociales y educativos / _cHugo Cerda Gutierrez |
| 250 | _a3a. edición | ||
| 260 |
_aBogotá : _bMagisterio, _c1995. |
||
| 300 |
_a118 páginas _c21 cm. |
||
| 490 | 0 | _v16 | |
| 500 | _aIncluye índice y bibliografía | ||
| 505 | 0 | _aDenominación o título -- Caracterización del proyecto -- El régimen operacional -- Instrumentos, métodos, técnicas y modalidades -- Cronología del proyecto -- ¿Cómo administrar el proyecto? -- Los indicadores de evaluación | |
| 520 | 0 | _aAnte la necesidad de que los docentes indaguen, investiguen y participen de un debate constructivo sobre los temas inmediatos y trascendentes que la educación colombiana. | |
| 650 | 1 | 4 | _913779 |
| 650 | 2 | 4 | _915321 |
| 650 | 2 | 4 | _917968 |
| 650 | 2 | 4 | _921658 |
| 650 | 2 | 4 | _922711 |
| 650 | 2 | 4 | _925273 |
| 999 |
_c6768 _d6768 |
||